000 01467nam a2200373 a 4500
001 ebr10453037
003 CaPaEBR
006 m u
007 cr cn|||||||||
008 100719s2011 maua sb 001 0 eng d
010 _z 2010028053
020 _z9780262015356 (hardcover : alk. paper)
020 _z9780262295321 (e-book)
040 _aCaPaEBR
_cCaPaEBR
035 _a(OCoLC)708414202
050 1 4 _aTJ211.415
_b.S54 2011eb
082 0 4 _a629.8/932
_222
100 1 _aSiegwart, Roland.
245 1 0 _aIntroduction to autonomous mobile robots
_h[electronic resource].
250 _a2nd ed. /
_bRoland Siegwart, Illah R. Nourbakhsh, and Davide Scaramuzza.
260 _aCambridge, Mass. :
_bMIT Press,
_cc2011.
300 _axvi, 453 p. :
_bill.
490 1 _aIntelligent robotics and autonomous agents
504 _aIncludes bibliographical references and index.
533 _aElectronic reproduction.
_bPalo Alto, Calif. :
_cebrary,
_d2011.
_nAvailable via World Wide Web.
_nAccess may be limited to ebrary affiliated libraries.
650 0 _aMobile robots.
650 0 _aAutonomous robots.
655 7 _aElectronic books.
_2local
700 1 _aNourbakhsh, Illah Reza,
_d1970-
700 1 _aScaramuzza, Davide.
710 2 _aebrary, Inc.
830 0 _aIntelligent robotics and autonomous agents.
856 4 0 _uhttp://site.ebrary.com/lib/rucke/Doc?id=10453037
_zAn electronic book accessible through the World Wide Web; click to view
999 _c227878
_d227878